00587nam a2200217 a 4500001001300000003000900013005001700022008004100039020000900080082001600089100002300105245005500128260003500183300000800218500003500226505001000261650002900271650002300300650002300323700002300346nice12345678IN_TiNIC20260116013434.0050524s1974 hyda grp 000 0 eng  ac9100a732.22bVEN aVenkataramanaya, N aInscriptions of Andhra Pradeshb Warangal District aHyderabadbGovt. of A.P c1974 a325 aincludes index and biblioraphy2 aIndex aEpigraphy-Andhra Pradesh aWarangal-Epigraphy aArt-Hindu-Warangal1 aVenkataramanaya, N